00377nam a22001337a 4500022001500000082003000015100002000045245006300065250001200128260004000140300001800180526003700198650000800235 a8123909896 a624.18341bRAJcL-38,P-87 aRaju, N.Krishna aDesign of reinforced concrete structures /cN.Krishna Raju a3rd ed. aNew Delhi :bCBS Publishers,c1984. axiv, 290 p. : a0b0c0d624_183410000000000_RAJ aMCE